01006naa#a2200181#i#4500001001600000005001700016011001400033100004100047102000700088200024300095210014000338215001000478608004500488675015900533700005800692700005200750856002200802RU\\bibl\12291620260601220352.1##a2686-9896##a20260515b2026####ek#y0rusy0150####ca##aRU1#aЦИФРОВЫЕ ДВОЙНИКИ КАК ИНСТРУМЕНТ СНИЖЕНИЯ ЗАТРАТ НА ТЕХНИЧЕСКОЕ ОБСЛУЖИВАНИЕ ПАРКА КОММЕРЧЕСКОГО ТРАНСПОРТАeЖурнальная статья1#aАнгарскcФГБОУ ВО "Ангарский государственный технический университет"d2026##a1 с.##aЖурнальная статья2local##aТранспортное обслуживание. Организация и управление перевозками. Почтовая связь. 656#1aКияшкоgЛариса Александровна#1aКрипакgМарина Николаевна4#aangtu.editorum.ru